Main Hoon Alladin / (Record no. 44493)

MARC details
000 -LEADER
fixed length control field 01034njm a22002537a 4500
005 - DATE AND TIME OF LATEST TRANSACTION
control field 2010090809129.0
006 - FIXED-LENGTH DATA ELEMENTS--ADDITIONAL MATERIAL CHARACTERISTICS--GENERAL INFORMATION
fixed length control field a|||||r|||||00| 0
007 - PHYSICAL DESCRIPTION FIXED FIELD--GENERAL INFORMATION
fixed length control field sd ammalaaahaa
008 - FIXED-LENGTH DATA ELEMENTS--GENERAL INFORMATION
fixed length control field 100908t xxu||||| |||| 00| 0 eng d
028 ## - PUBLISHER NUMBER
Publisher number N.54694
Source His Master's Voice
035 ## - SYSTEM CONTROL NUMBER
System control number GR-01344
040 ## - CATALOGING SOURCE
Original cataloging agency SED
Transcribing agency SED
100 ## - MAIN ENTRY--PERSONAL NAME
9 (RLIN) 17690
Personal name Mukesh
245 ## - TITLE STATEMENT
Title Main Hoon Alladin /
Statement of responsibility, etc sung by Mukesh [and] Usha Khanna; music by Usha Khanna; lyric by Javed Anwar
Medium [Sound Recording] :
246 ## - VARYING FORM OF TITLE
Title proper/short title मैं हूँ अल्लादीन /
260 ## - PUBLICATION, DISTRIBUTION, ETC. (IMPRINT)
Place of publication, distribution, etc Dum Dum India
Name of publisher, distributor, etc His Master's Voice
300 ## - PHYSICAL DESCRIPTION
Extent 1 sound disc (Gramophone Recording)
Other physical details analog, 33 1/3 rpm
Dimensions 9.5 in. (MP)
Type of unit Gramophone Record
500 ## - GENERAL NOTE
General note Brief Record
505 ## - FORMATTED CONTENTS NOTE
Formatted contents note Side-1 मैं हूँ अल्लादीन (Main Hoon Alladin) (Mukesh) -- Side-2 हव्वा आजीजा (Hawwa Aajeejaa) (Usha Khanna)
650 ## - SUBJECT ADDED ENTRY--TOPICAL TERM
Topical term or geographic name as entry element Motion Picture Music
General subdivision Excerpts
Geographic subdivision India
9 (RLIN) 17691
700 ## - ADDED ENTRY--PERSONAL NAME
Personal name Khanna, Usha
9 (RLIN) 18844
700 ## - ADDED ENTRY--PERSONAL NAME
Personal name Anwar, Javed
9 (RLIN) 18845
942 ## - ADDED ENTRY ELEMENTS (KOHA)
Source of classification or shelving scheme Dewey Decimal Classification
Item type Gramaphone Records

No items available.


© Delhi Public Library
Hit Counter
free hit counter